000 02780 a2200241 4500
003 UA-OsUOA
005 20250620152412.0
008 250620b un ||||| |||| 00| 0 ukr d
020 _a9786178031053
040 _bukr
_cUA-OsUOA
080 _a364.6:355.2(477)
090 _a364.6:355.2(477)
_bК90
100 _aКуклишин О.
_920894
245 _aЯк досягти кар'єрного успіху після військової служби
_bпрактичні рекомендації
_cОлександр Куклишин, Анастасія Хижняк
260 _aК.
_bВольф І. Є.
_c2024
300 _a64 с.
520 _aПосібник «Як досягти кар’єрного успіху після військової служби» надасть дієві рекомендації та інструменти, необхідні для визначення майбутньої кар’єри, а також окреслить подальші кроки для досягнення успіху в обраній цивільній справі після закінчення військової служби. Підготовлено на основі практичного досвіду з використання ефективних американських інструментів підготовки військовослужбовців до цивільного життя, а також матеріалів Міністерства оборони Сполучених Штатів Америки – програми допомоги в перехідний період (Transition Assistance Program). Посібник створений за рекомендаціями ветеранів для ветеранів Громадською організацією «Зелена Смуга» в партнерстві з компанією «Jooble», американською організацією «Pittsburgh Hires Veterans», Міністерством у справах ветеранів України за підтримки Відділу преси, освіти та культури Посольства Сполучених Штатів Америки в Україні. Погляди авторів посібника не обов’язково збігаються з офіційною позицією уряду Сполучених Штатів Америки.
650 _a364.6 Питання соціальної допомоги
_920896
700 1 _aХижняк А. Р.
_920897
942 _cBK
_2udc
955 _a2
999 _c578968
_d578968